[Event "Elit(SodraSASS-Eksjo)"]
[Site "?"]
[Date "2005.??.??"]
[Round "1"]
[White "Andersson, Johan"]
[Black "Adler, Bo"]
[Result "0-1"]
[WhiteElo "2255"]
[BlackElo "2135"]
[PlyCount "64"]
[EventDate "2005.??.??"]

1. e4 e5 2. Nf3 Nc6 3. d4 exd4 4. Nxd4 Qf6 5. Nb3 Qg6 6. Qe2 Nf6 7. f3 Bb4+ 8.
Bd2 Bxd2+ 9. Qxd2 O-O 10. Nc3 d5 11. Nxd5 Nxd5 12. Qxd5 a5 13. Qd2 Rd8 14. Bd3
Qf6 15. Qc3 Qh4+ 16. g3 Qh6 17. O-O a4 18. Nd2 Bh3 19. Rf2 a3 20. b3 Qe3 21.
Nc4 Qc5 22. Qe1 Nb4 23. Qe3 Qxe3 24. Nxe3 Nxd3 25. cxd3 Rxd3 26. Re2 Be6 27.
Kf2 c5 28. Rc2 b6 29. Ke2 Rad8 30. Rd1 Rxe3+ 31. Kxe3 Rxd1 32. b4 cxb4 0-1

[Event "Elit(SodraSASS-Eksjo)"]
[Site "?"]
[Date "2005.??.??"]
[Round "1"]
[White "Werner, Lennart"]
[Black "Gustafsson, Fredrik"]
[Result "1-0"]
[WhiteElo "2211"]
[BlackElo "2197"]
[PlyCount "67"]
[EventDate "2005.??.??"]

1. c4 Nf6 2. Nc3 d5 3. cxd5 Nxd5 4. g3 g6 5. Bg2 Nxc3 6. bxc3 Bg7 7. Qb3 Nd7 8.
d3 O-O 9. Ba3 Nb6 10. Rc1 Re8 11. Nf3 e5 12. O-O Be6 13. Qc2 c6 14. Rfd1 Nd5
15. c4 Nc7 16. Nd2 f5 17. Rb1 Bc8 18. Nb3 Qf6 19. Na5 b6 20. Nxc6 e4 21. Nb4
Bb7 22. Bb2 Qf7 23. Bxg7 Kxg7 24. Qc3+ Kg8 25. Nc2 Rad8 26. d4 Ne6 27. e3 Ng5
28. d5 Nf3+ 29. Bxf3 exf3 30. Nd4 f4 31. exf4 g5 32. Qxf3 Qg6 33. Ne6 Rc8 34.
Re1 1-0

[Event "Elit(Sollentuna-Manhem)"]
[Site "?"]
[Date "2005.??.??"]
[Round "1"]
[White "Carlhammar, Magnus"]
[Black "Agrest, Evgenij"]
[Result "0-1"]
[WhiteElo "2320"]
[BlackElo "2679"]
[PlyCount "106"]
[EventDate "2005.??.??"]

1. d4 Nf6 2. c4 e6 3. Nc3 Bb4 4. Qc2 d6 5. Bg5 Nbd7 6. e3 c5 7. dxc5 Nxc5 8.
Nge2 Bd7 9. O-O-O Qb6 10. Bxf6 gxf6 11. Kb1 Rc8 12. Ka1 a5 13. Nf4 Bc6 14. Be2
Bxc3 15. Qxc3 Ne4 16. Qe1 Qb4 17. f3 Nc5 18. Qxb4 axb4 19. Rxd6 Rg8 20. g3 Ra8
21. Kb1 Rg5 22. Rd2 Ne4 23. Rc2 Rga5 24. a3 Nc5 25. Nd3 bxa3 26. Nxc5 axb2 27.
Kxb2 Rxc5 28. Ra1 Rxa1 29. Kxa1 Kd7 30. Rd2+ Kc7 31. f4 Be4 32. Kb2 e5 33. Kb3
Rc6 34. Bh5 Rb6+ 35. Kc3 Rb1 36. fxe5 fxe5 37. Bxf7 Re1 38. Be6 Rxe3+ 39. Kb4
Bd3 40. Bd5 Bg6 41. Rb2 b6 42. c5 bxc5+ 43. Kc4 Re1 44. Rb7+ Kd6 45. Rb6+ Ke7
46. Kxc5 Rc1+ 47. Kb4 Kd7 48. Ka3 Rc5 49. Bf3 e4 50. Bg4+ Ke7 51. h4 Bf7 52.
Rb4 Re5 53. Kb2 Kf6 0-1

[Event "Elit(Sollentuna-Manhem)"]
[Site "?"]
[Date "2005.??.??"]
[Round "1"]
[White "Berg, Emanuel"]
[Black "Landgren, Philip"]
[Result "0-1"]
[WhiteElo "2632"]
[BlackElo "2308"]
[PlyCount "72"]
[EventDate "2005.??.??"]

1. e4 e5 2. Nf3 Nc6 3. Bb5 a6 4. Ba4 Nf6 5. O-O b5 6. Bb3 Bc5 7. Nxe5 Nxe5 8.
d4 Bxd4 9. Qxd4 d6 10. f4 Nc6 11. Qc3 Bb7 12. e5 Ne4 13. Qe1 Nd4 14. Nc3 Nxb3
15. axb3 Nxc3 16. bxc3 O-O 17. Qg3 Re8 18. f5 Rxe5 19. Bh6 g6 20. Rf2 Qd7 21.
Raf1 Rae8 22. Qh4 Qe7 23. Bg5 Qf8 24. g4 Re4 25. h3 gxf5 26. Bf6 h6 27. Qh5
fxg4 28. Rg2 Bc8 29. hxg4 Re2 30. Rff2 Re1+ 31. Kh2 Bb7 32. g5 Bxg2 33. Rxg2
R8e5 34. gxh6+ Kh7 35. Qh4 R5e2 36. Bg7 Qe8 0-1

[Event "Elit(Sollentuna-Manhem)"]
[Site "?"]
[Date "2005.??.??"]
[Round "1"]
[White "Sagit, Rauan"]
[Black "Carlsson, Pontus"]
[Result "0-1"]
[WhiteElo "2348"]
[BlackElo "2581"]
[PlyCount "110"]
[EventDate "2005.??.??"]

1. e4 e6 2. d4 d5 3. Nc3 Nf6 4. Bg5 Be7 5. e5 Nfd7 6. h4 Nc6 7. Nf3 Nb6 8. a3
f6 9. exf6 gxf6 10. Bh6 Bd6 11. Nh2 Qe7 12. Be2 Bd7 13. Bh5+ Kd8 14. Ng4 Rg8
15. Ne3 Be8 16. Bxe8 Kxe8 17. h5 Kd7 18. g4 Rad8 19. Qd3 Kc8 20. Ne2 e5 21.
O-O-O exd4 22. Qf5+ Kb8 23. Nxd4 Nxd4 24. Rxd4 Be5 25. Rb4 c5 26. Rb3 d4 27.
Nd1 c4 28. Rb5 c3 29. Rb3 Nc4 30. bxc3 dxc3 31. Bf4 Nd2 32. Rxc3 Rg5 33. Bxg5
Bxc3 34. Bf4+ Be5 35. Rh3 Nc4 36. Bxe5+ fxe5 37. Rc3 Nxa3 38. Ne3 Nb5 39. Rd3
Nd4 40. Qe4 Qc7 41. f4 Ne2+ 42. Kd2 Nxf4 43. Rxd8+ Qxd8+ 44. Ke1 Qh4+ 45. Kd1
Qd8+ 46. Ke1 Qd4 47. Qxd4 exd4 48. Nf5 Ne6 49. Kd2 Kc7 50. Kd3 Kd7 51. Nxd4
Nxd4 52. Kxd4 Ke6 53. g5 Kf5 54. g6 hxg6 55. hxg6 Kxg6 0-1

[Event "Elit(Sollentuna-Manhem)"]
[Site "?"]
[Date "2005.??.??"]
[Round "1"]
[White "Dzevlan, Miralem"]
[Black "Schneider, Lars-Ake"]
[Result "1-0"]
[WhiteElo "2445"]
[BlackElo "2359"]
[PlyCount "69"]
[EventDate "2005.??.??"]

1. d4 Nf6 2. c4 e6 3. Nf3 b6 4. a3 Bb7 5. Nc3 d5 6. Bg5 Be7 7. Qa4+ c6 8. Bxf6
Bxf6 9. cxd5 exd5 10. g3 O-O 11. Bg2 Nd7 12. Rd1 Qc7 13. O-O Rad8 14. e3 Qb8
15. Ne1 Rfe8 16. Nd3 Nf8 17. b4 Ne6 18. Rc1 g6 19. Rc2 Bg7 20. Ne2 Nc7 21. Qb3
Rd6 22. Rfc1 Ba6 23. Rxc6 Bc4 24. R6xc4 dxc4 25. Qxc4 Ne6 26. b5 Re7 27. Nb4
Rc7 28. Nc6 Qe8 29. Nc3 Ng5 30. h4 Ne6 31. Ne4 Rdd7 32. d5 Nc5 33. d6 Rc8 34.
Nxc5 bxc5 35. Bh3 1-0

[Event "Elit(Sollentuna-Manhem)"]
[Site "?"]
[Date "2005.??.??"]
[Round "1"]
[White "Akesson, Joel"]
[Black "Couso, Luis"]
[Result "1-0"]
[WhiteElo "2392"]
[BlackElo "2432"]
[PlyCount "89"]
[EventDate "2005.??.??"]

1. d4 d5 2. Nf3 Nf6 3. c4 c6 4. e3 a6 5. Bd3 Bg4 6. Nbd2 Nbd7 7. O-O e6 8. b3
Bd6 9. Bb2 O-O 10. Qc2 Qb8 11. Rac1 Re8 12. h3 Bxf3 13. Nxf3 h6 14. Rfd1 b5 15.
Qe2 dxc4 16. bxc4 e5 17. dxe5 Nxe5 18. cxb5 cxb5 19. Bc2 Nxf3+ 20. Qxf3 Be5 21.
Bxe5 Qxe5 22. Bb3 Ra7 23. Qc6 Qb8 24. Rc5 Qb7 25. Rdc1 Qxc6 26. Rxc6 a5 27. Rc7
Re7 28. Rxe7 Rxe7 29. Rc8+ Kh7 30. Rb8 b4 31. Ra8 Re5 32. Bxf7 Ne4 33. Bg8+ Kg6
34. Ra6+ Nf6 35. Bc4 Rc5 36. Bd3+ Kf7 37. Ra7+ Kf8 38. Bg6 Nd5 39. Rf7+ Kg8 40.
Rd7 Kf8 41. e4 Nf6 42. Rf7+ Kg8 43. Ra7 Nh5 44. f4 Rc1+ 45. Kh2 1-0

[Event "Elit(Sollentuna-Manhem)"]
[Site "?"]
[Date "2005.??.??"]
[Round "1"]
[White "Ong, Kezli"]
[Black "Moberg, Karl-Johan"]
[Result "1-0"]
[WhiteElo "2397"]
[BlackElo "2304"]
[PlyCount "73"]
[EventDate "2005.??.??"]

1. e4 e5 2. Nf3 Nc6 3. Bb5 a6 4. Ba4 Nf6 5. O-O b5 6. Bb3 Bc5 7. c3 d6 8. a4
Bb7 9. d4 Bb6 10. Re1 h6 11. Nh4 Ne7 12. Qf3 Qc8 13. h3 exd4 14. cxd4 Bxd4 15.
Qd3 c5 16. Nf3 Nc6 17. axb5 Ne5 18. Nxe5 dxe5 19. bxa6 Rxa6 20. Rxa6 Bxa6 21.
Qg3 Kf8 22. Nc3 g6 23. Qh4 Kg7 24. Ne2 Bxe2 25. Rxe2 Qb7 26. Bc4 Qb4 27. b3 Qc3
28. Bd2 Qa1+ 29. Kh2 Qa8 30. f4 Qd8 31. f5 g5 32. Qg3 Nh5 33. Qg4 Nf4 34. Bxf4
exf4 35. e5 h5 36. f6+ Kf8 37. Qxg5 1-0

[Event "Elit(Sollentuna-Manhem)"]
[Site "?"]
[Date "2005.??.??"]
[Round "1"]
[White "Hultin, Johan"]
[Black "Eriksson, Jonas"]
[Result "1/2-1/2"]
[WhiteElo "2286"]
[BlackElo "2366"]
[PlyCount "110"]
[EventDate "2005.??.??"]

1. d4 d5 2. c4 c6 3. Nf3 Nf6 4. Qb3 e6 5. Bg5 Be7 6. e3 O-O 7. Nc3 Nbd7 8. Rc1
Ne4 9. Bxe7 Qxe7 10. g3 f5 11. Bg2 Kh8 12. O-O g5 13. Qd1 g4 14. Nh4 Qg5 15.
cxd5 exd5 16. b4 Rf6 17. Ne2 Nf8 18. Nf4 Nd6 19. f3 Bd7 20. Re1 Rh6 21. Rc2 Re8
22. Rf2 Qg7 23. fxg4 fxg4 24. Nd3 Nc4 25. Nc5 Bc8 26. e4 b6 27. Nb3 dxe4 28.
Rxe4 Rxe4 29. Bxe4 Rf6 30. Qf1 Ne3 31. Qe2 Nd5 32. Bxd5 cxd5 33. Qe5 Rxf2 34.
Qxg7+ Kxg7 35. Kxf2 Kf6 36. Ke3 Ne6 37. Nd2 Ba6 38. Ng2 Ng5 39. Nf4 Bb7 40.
Nh5+ Kg6 41. Nf4+ Kf5 42. Nd3 Bc6 43. a3 Nf7 44. Nb1 Nd6 45. Ne5 Bb7 46. Nc3
Kg5 47. b5 h5 48. a4 Nf5+ 49. Kd3 h4 50. Nf7+ Kf6 51. Ne5 hxg3 52. hxg3 Nxg3
53. Nxg4+ Ke6 54. Ne2 Nxe2 55. Kxe2 a6 1/2-1/2

[Event "Elit(Sollentuna-Manhem)"]
[Site "?"]
[Date "2005.??.??"]
[Round "1"]
[White "Andersson, Fredrik"]
[Black "Kinnmark, Ove"]
[Result "1/2-1/2"]
[WhiteElo "2302"]
[BlackElo "2295"]
[PlyCount "35"]
[EventDate "2005.??.??"]

1. e4 d5 2. exd5 Qxd5 3. Nc3 Qd6 4. d4 c6 5. Nf3 Bg4 6. Be2 Nd7 7. Be3 e6 8.
Qd2 Qc7 9. h3 Bxf3 10. Bxf3 Ngf6 11. O-O Bd6 12. Rfe1 O-O 13. Bg5 h6 14. Bxf6
Nxf6 15. Ne4 Be7 16. c3 Rad8 17. Qe2 b6 18. Rad1 1/2-1/2

[Event "Elit(Rockaden-Kamraterna)"]
[Site "?"]
[Date "2005.??.??"]
[Round "1"]
[White "Svensson, Bengt"]
[Black "Andersson, Ulf"]
[Result "1/2-1/2"]
[WhiteElo "2453"]
[BlackElo "2634"]
[PlyCount "40"]
[EventDate "2005.??.??"]

1. e4 c5 2. Nf3 e6 3. d4 cxd4 4. Nxd4 Nc6 5. Nc3 a6 6. Nxc6 bxc6 7. Bd3 d5 8.
O-O Nf6 9. Re1 Be7 10. e5 Nd7 11. Qg4 g6 12. Bh6 Rb8 13. Qh3 Bf8 14. Bxf8 Kxf8
15. Qh6+ Kg8 16. b3 Qf8 17. Qg5 Kg7 18. Na4 h6 19. Qe3 c5 20. c4 d4 1/2-1/2

[Event "Elit(Rockaden-Kamraterna)"]
[Site "?"]
[Date "2005.??.??"]
[Round "1"]
[White "Olsson, Anders"]
[Black "Svenn, Matti"]
[Result "1/2-1/2"]
[WhiteElo "2490"]
[BlackElo "2307"]
[PlyCount "65"]
[EventDate "2005.??.??"]

1. e4 c5 2. Nf3 d6 3. d4 cxd4 4. Nxd4 Nf6 5. Nc3 a6 6. g3 e5 7. Nde2 Be7 8. a4
Be6 9. Bg2 Nbd7 10. h3 O-O 11. g4 Nc5 12. Ng3 b5 13. axb5 axb5 14. Rxa8 Qxa8
15. O-O b4 16. Nf5 Qd8 17. Nd5 Nxd5 18. exd5 Bxf5 19. gxf5 Bg5 20. f4 exf4 21.
Bxf4 Re8 22. Qg4 Bxf4 23. Rxf4 Re1+ 24. Kh2 b3 25. cxb3 f6 26. Qg3 Qe7 27. b4
Re3 28. Rf3 Rxf3 29. Qxf3 Na4 30. b3 Nb6 31. Qe4 Qxe4 32. Bxe4 Kf8 33. Kg3
1/2-1/2

[Event "Elit(Rockaden-Kamraterna)"]
[Site "?"]
[Date "2005.??.??"]
[Round "1"]
[White "Svenn, Gosta"]
[Black "Barkhagen, Jonas"]
[Result "0-1"]
[WhiteElo "2406"]
[BlackElo "2527"]
[PlyCount "80"]
[EventDate "2005.??.??"]

1. e4 c5 2. Nf3 d6 3. Bb5+ Bd7 4. Bxd7+ Qxd7 5. O-O Nc6 6. c4 g6 7. d4 Bg7 8.
Be3 Nf6 9. d5 Na5 10. Qd3 Ng4 11. Bc1 a6 12. Nbd2 b5 13. Rb1 O-O 14. b3 Rfb8
15. h3 Ne5 16. Nxe5 Bxe5 17. Nf3 Bg7 18. Bd2 bxc4 19. bxc4 Qa4 20. Rxb8+ Rxb8
21. Rb1 Bb2 22. Bxa5 Qxa5 23. Qc2 Qxa2 24. Ne1 Qb3 25. Qd2 Qa2 26. Qc2 Qa3 27.
e5 Rb3 28. exd6 exd6 29. Nf3 Rb4 30. Qe4 Bf6 31. Re1 Qa4 32. Qf4 Kg7 33. Qxd6
Rxc4 34. g3 Re4 35. Rb1 c4 36. Rb7 c3 37. Qc7 Re7 38. Qc6 Qd1+ 39. Kg2 Rxb7 40.
Qxb7 c2 0-1

[Event "Elit(Rockaden-Kamraterna)"]
[Site "?"]
[Date "2005.??.??"]
[Round "1"]
[White "Bator, Robert"]
[Black "Hamark, Jesper"]
[Result "1-0"]
[WhiteElo "2475"]
[BlackElo "2311"]
[PlyCount "113"]
[EventDate "2005.??.??"]

1. d4 Nf6 2. Nf3 d5 3. c4 e6 4. g3 Nbd7 5. Bg2 c6 6. Qc2 Bd6 7. Nbd2 O-O 8. O-O
Re8 9. b3 e5 10. cxd5 cxd5 11. dxe5 Nxe5 12. Bb2 Nc6 13. Rfe1 Bg4 14. Rad1 Rc8
15. Qb1 Ne4 16. Nxe4 dxe4 17. Nd4 Qe7 18. f3 Bd7 19. Qxe4 Qxe4 20. fxe4 Nxd4
21. Bxd4 Bb4 22. Rf1 Bb5 23. Rf2 Bc6 24. e3 a6 25. Rc2 Rcd8 26. e5 Bxg2 27.
Kxg2 Rd7 28. Rdc1 h6 29. Rc7 Red8 30. Rxd7 Rxd7 31. Rc8+ Kh7 32. Kf3 Kg6 33.
Ke4 Ba3 34. h3 h5 35. Kf4 Re7 36. g4 hxg4 37. Kxg4 Kh7 38. h4 Bb4 39. h5 Ba5
40. Kf5 Re6 41. Rf8 Re7 42. h6 Bb4 43. hxg7 Kxg7 44. Rb8 Kh7 45. Kg5 Re6 46.
Rxb7 Be7+ 47. Kf5 Kg7 48. Rb6 Rxb6 49. Bxb6 Kf8 50. e6 fxe6+ 51. Kxe6 Ke8 52.
Ba5 Ba3 53. e4 Be7 54. e5 Ba3 55. Kd5 Kd7 56. e6+ Ke8 57. Bb6 1-0

[Event "Elit(Rockaden-Kamraterna)"]
[Site "?"]
[Date "2005.??.??"]
[Round "1"]
[White "Wallin, Dennis"]
[Black "Wessman, Rickard"]
[Result "1/2-1/2"]
[WhiteElo "2277"]
[BlackElo "2502"]
[PlyCount "54"]
[EventDate "2005.??.??"]

1. b3 c5 2. Bb2 Nc6 3. Nf3 d6 4. e4 Nf6 5. e5 dxe5 6. Nxe5 Nxe5 7. Bxe5 Bd7 8.
Bxf6 gxf6 9. Be2 Bc6 10. Bf3 Qd7 11. d3 f5 12. Nd2 Bg7 13. Rb1 Bc3 14. O-O
O-O-O 15. Nc4 Rhg8 16. Qe2 e6 17. a3 Bxf3 18. Qxf3 Qd5 19. Qxd5 exd5 20. Ne3 f4
21. Nd1 Bf6 22. Re1 Rde8 23. Rxe8+ Rxe8 24. Kf1 a5 25. a4 Kd7 26. f3 Bd4 27.
Nf2 f5 1/2-1/2

[Event "Elit(R0ockaden-Kamraterna)"]
[Site "?"]
[Date "2005.??.??"]
[Round "1"]
[White "Hedman, Erik"]
[Black "Wengholm, Anders"]
[Result "1/2-1/2"]
[WhiteElo "2417"]
[BlackElo "2241"]
[PlyCount "83"]
[EventDate "2005.??.??"]

1. e4 d6 2. d4 Nf6 3. Nc3 g6 4. Bg5 Bg7 5. Qd2 h6 6. Bh4 g5 7. Bg3 Nh5 8. O-O-O
Nc6 9. Qe3 Nxg3 10. hxg3 Bd7 11. f4 e6 12. e5 dxe5 13. dxe5 Qe7 14. Nb5 Bc8 15.
Rh5 a6 16. Nc3 Bd7 17. Nf3 O-O-O 18. Ne4 gxf4 19. gxf4 Kb8 20. a3 Bc8 21. Bd3
b6 22. g4 Bb7 23. Rdh1 Ka7 24. Kb1 Nb8 25. g5 hxg5 26. Nfxg5 Nd7 27. Rxh8 Rxh8
28. Rxh8 Bxh8 29. Qh3 Bg7 30. Qh7 f6 31. Nxe6 Qxe6 32. Qxg7 fxe5 33. Ng5 Qd5
34. Bf5 Nc5 35. Qxe5 Qd1+ 36. Ka2 Bd5+ 37. b3 Bxb3+ 38. cxb3 Qd2+ 39. Kb1 Qd1+
40. Ka2 Qd2+ 41. Kb1 Qd1+ 42. Ka2 1/2-1/2

[Event "Elit(Rockaden-Kamraterna)"]
[Site "?"]
[Date "2005.??.??"]
[Round "1"]
[White "Borvander, Tom"]
[Black "Engqvist, Thomas"]
[Result "1-0"]
[WhiteElo "2231"]
[BlackElo "2429"]
[PlyCount "92"]
[EventDate "2005.??.??"]

1. d4 d5 2. c4 c6 3. Nf3 Nf6 4. Nc3 dxc4 5. a4 Bf5 6. Ne5 Nbd7 7. Nxc4 Qc7 8.
g3 e5 9. dxe5 Nxe5 10. Bf4 Nfd7 11. Bg2 g5 12. Bxe5 Nxe5 13. Ne3 Bg6 14. O-O f5
15. Re1 f4 16. Nf1 Rd8 17. Qc1 Bh6 18. a5 O-O 19. Rd1 Kg7 20. Ne4 g4 21. Rxd8
Rxd8 22. Qc3 Bxe4 23. Bxe4 Qd6 24. Ra4 Qf6 25. Bc2 f3 26. e3 Kh8 27. h4 Bg7 28.
Qb3 Qe7 29. Bf5 h5 30. Rb4 Rb8 31. Bb1 Bf6 32. Qc2 Rd8 33. Qf5 Rd1 34. Bc2 Rd6
35. Qxh5+ Kg8 36. Rd4 Rxd4 37. exd4 Nf7 38. Qxg4+ Kf8 39. Qxf3 Bxd4 40. b3 a6
41. Bg6 Bf6 42. Bxf7 Kxf7 43. Ne3 Ke8 44. Nc4 Bd4 45. Kg2 Kd8 46. Qf5 Qe2 1-0

[Event "Elit(Rockaden-Kamraterna)"]
[Site "?"]
[Date "2005.??.??"]
[Round "1"]
[White "Livner, Anders"]
[Black "Haggstrom, Olle"]
[Result "0-1"]
[WhiteElo "2405"]
[BlackElo "2226"]
[PlyCount "84"]
[EventDate "2005.??.??"]

1. d4 d5 2. c4 e6 3. Nc3 Nf6 4. cxd5 exd5 5. Bg5 Be7 6. e3 c6 7. Qc2 Nbd7 8.
Bd3 O-O 9. Nf3 Re8 10. O-O Nf8 11. h3 Bd6 12. Rfe1 Ng6 13. e4 dxe4 14. Nxe4 Be6
15. Bxf6 gxf6 16. Nc5 Bxc5 17. dxc5 Qd5 18. Re4 Rad8 19. Rd4 Qh5 20. Be4 Rxd4
21. Nxd4 Qe5 22. Nxe6 Qxe6 23. Bd3 Kg7 24. b4 Qe5 25. Rb1 Nf4 26. Bf1 Ne2+ 27.
Kh1 Nc3 28. Rc1 Nd5 29. a3 a6 30. Qc4 Qe4 31. Rd1 Qf5 32. Qd4 Re4 33. Qb2 Qe6
34. Qd2 Qe7 35. Bd3 Re5 36. Bc4 a5 37. g3 axb4 38. axb4 b6 39. cxb6 Nxb6 40.
Bd3 Nd5 41. Rb1 Rh5 42. Bf1 Qe4+ 0-1

[Event "Elit(Limhamn-Linkoping)"]
[Site "?"]
[Date "2005.??.??"]
[Round "2"]
[White "Bellon Lopez, Juan"]
[Black "Hector, Jonny"]
[Result "1/2-1/2"]
[WhiteElo "2640"]
[BlackElo "2495"]
[PlyCount "104"]
[EventDate "2005.??.??"]

1. d4 d5 2. Nf3 Nf6 3. c4 c6 4. Nc3 e6 5. Bg5 dxc4 6. e4 b5 7. e5 h6 8. Bh4 g5
9. exf6 gxh4 10. Ne5 Qxf6 11. a4 h3 12. g3 c5 13. f4 Bb7 14. d5 exd5 15. Nxb5
Na6 16. Bxh3 Rd8 17. O-O h5 18. Qe2 Be7 19. Rae1 Nb4 20. f5 Rd7 21. Nxd7 Kxd7
22. Qxe7+ Qxe7 23. f6+ Qe6 24. Bxe6+ fxe6 25. f7 Nd3 26. f8=Q Rxf8 27. Rxf8
Nxe1 28. a5 Ba6 29. Nc3 d4 30. Rf7+ Kc6 31. Rxa7 dxc3 32. bxc3 Kb5 33. Rh7 Nf3+
34. Kg2 Ng5 35. Rxh5 Ne4 36. Re5 Nxc3 37. h4 Ne4 38. Kf1 Nxg3+ 39. Ke1 Bb7 40.
h5 Nxh5 41. Rxh5 Bd5 42. Kd2 Kxa5 43. Kc3 Kb5 44. Rh8 Kc6 45. Ra8 Kd6 46. Ra5
e5 47. Ra6+ Kc7 48. Rh6 Kd7 49. Ra6 e4 50. Rh6 Be6 51. Rh4 Bd5 52. Rh6 Ke7
1/2-1/2

[Event "Elit(Limhamn-Linkoping)"]
[Site "?"]
[Date "2005.??.??"]
[Round "2"]
[White "Brynell, Stellan"]
[Black "Cramling, Pia"]
[Result "1-0"]
[WhiteElo "2623"]
[BlackElo "2588"]
[PlyCount "79"]
[EventDate "2005.??.??"]

1. d4 d5 2. c4 c6 3. Nc3 Nf6 4. e3 e6 5. Nf3 a6 6. b3 Bb4 7. Bd2 Nbd7 8. Bd3
O-O 9. O-O Qe7 10. Re1 h6 11. Qc2 dxc4 12. bxc4 e5 13. Nh4 Rd8 14. Nf5 Qf8 15.
Rab1 a5 16. c5 Bxc5 17. dxc5 Nxc5 18. Nxh6+ gxh6 19. Bf1 Qg7 20. Bc1 Qg6 21.
Qxg6+ fxg6 22. Ba3 Nce4 23. Nxe4 Nxe4 24. Bb2 Nd2 25. Rbd1 Bg4 26. f3 Bxf3 27.
gxf3 Nxf3+ 28. Kh1 Nxe1 29. Rxe1 Re8 30. Bd3 Kh7 31. Be4 Rad8 32. Bc3 a4 33. h4
Kg7 34. h5 g5 35. Rf1 Rd6 36. Bg6 Rxg6 37. hxg6 Kxg6 38. e4 Rd8 39. Bxe5 Re8
40. Rf5 1-0

[Event "Elit(Limhamn-Linkoping)"]
[Site "?"]
[Date "2005.??.??"]
[Round "2"]
[White "Malesevic, Nedeljko"]
[Black "Jepson, Christian"]
[Result "1-0"]
[WhiteElo "2335"]
[BlackElo "2489"]
[PlyCount "71"]
[EventDate "2005.??.??"]

1. d4 Nf6 2. c4 e6 3. Nf3 Bb4+ 4. Bd2 Qe7 5. a3 Bxd2+ 6. Qxd2 Nc6 7. Nc3 d6 8.
g3 O-O 9. Bg2 e5 10. O-O Bg4 11. e3 Rfe8 12. h3 Bd7 13. Qc2 h6 14. Rfe1 Rab8
15. Rad1 a6 16. Nd5 Qd8 17. dxe5 Nxe5 18. Nxe5 Rxe5 19. f4 Re6 20. e4 Nxd5 21.
cxd5 Re7 22. e5 Qc8 23. Kh2 dxe5 24. fxe5 c6 25. Qc5 Re8 26. d6 Qd8 27. h4 Be6
28. Rd2 Qd7 29. Rf2 Rbd8 30. Be4 Rf8 31. Bb1 Rde8 32. h5 f5 33. exf6 Rxf6 34.
Rxf6 gxf6 35. Bg6 Rd8 36. Qe3 1-0

[Event "Elit(Limhamn-Linkoping)"]
[Site "?"]
[Date "2005.??.??"]
[Round "2"]
[White "Ahlander, Bjorn"]
[Black "Olsson, Conny"]
[Result "1-0"]
[WhiteElo "2537"]
[BlackElo "2252"]
[PlyCount "107"]
[EventDate "2005.??.??"]

1. d4 Nf6 2. c4 e5 3. dxe5 Ne4 4. a3 Nc6 5. Nf3 d6 6. exd6 Bxd6 7. e3 Qe7 8.
Bd3 Bf5 9. Nc3 Nxc3 10. bxc3 Bxd3 11. Qxd3 O-O 12. O-O Rad8 13. Qe2 Bc5 14. Bb2
Rd7 15. Rfd1 Rfd8 16. Rxd7 Rxd7 17. h3 h6 18. Kf1 Na5 19. Nd4 Qd6 20. Ke1 Qg6
21. Qf3 c6 22. Qg4 Qxg4 23. hxg4 Nxc4 24. Bc1 Ne5 25. f3 Nd3+ 26. Kd2 Nxc1 27.
Kxc1 Bxd4 28. exd4 c5 29. dxc5 Rc7 30. Rb1 Rxc5 31. Rxb7 Rxc3+ 32. Kb2 Re3 33.
Rxa7 Re2+ 34. Kb3 Rxg2 35. Rc7 g6 36. a4 Rg1 37. a5 Rb1+ 38. Ka4 h5 39. gxh5
gxh5 40. a6 Kg7 41. Rc4 Rb8 42. Ka5 Kg6 43. a7 Ra8 44. Kb6 Kg5 45. Kb7 Rxa7+
46. Kxa7 f5 47. Kb6 h4 48. Kc5 h3 49. Kd5 h2 50. Rc1 Kf4 51. Rf1 Kg3 52. f4
h1=Q+ 53. Rxh1 Kxf4 54. Rf1+ 1-0

[Event "Elit(Limhamn-Linkoping)"]
[Site "?"]
[Date "2005.??.??"]
[Round "2"]
[White "Klashed, Martin"]
[Black "Nylen, Anders"]
[Result "0-1"]
[WhiteElo "2098"]
[BlackElo "2284"]
[PlyCount "122"]
[EventDate "2005.??.??"]

1. e4 c5 2. Nf3 d6 3. d4 cxd4 4. Nxd4 Nf6 5. Nc3 a6 6. Be2 e5 7. Nb3 Be7 8. O-O
O-O 9. Kh1 Be6 10. f4 exf4 11. Bxf4 Nc6 12. Qe1 Ne5 13. Rd1 Qc7 14. Nd4 Rac8
15. Qg3 Rfe8 16. a4 Kh8 17. Bg5 Qb6 18. Nf5 Bxf5 19. Bxf6 Bxf6 20. Nd5 Qd8 21.
Rxf5 Rxc2 22. Nxf6 gxf6 23. Bf1 Rxb2 24. Rh5 Rg8 25. Qh4 Kg7 26. Rxh7+ Kf8 27.
h3 Ke7 28. Rh6 Rg6 29. Rxg6 Nxg6 30. Qg3 Ne5 31. Rc1 Qb6 32. Kh2 Qf2 33. Qxf2
Rxf2 34. Bc4 Nxc4 35. Rxc4 Kd7 36. h4 b5 37. axb5 axb5 38. Rb4 Kc6 39. Kg3 Rf1
40. Kg4 Kc5 41. Rb3 b4 42. h5 Kc4 43. Rf3 Rxf3 44. Kxf3 b3 45. h6 b2 46. h7
b1=Q 47. h8=Q Qd3+ 48. Kf4 Qf1+ 49. Kg3 Qe1+ 50. Kf3 Kd3 51. Qb8 Qe3+ 52. Kg4
Qxe4+ 53. Kh3 Qf5+ 54. Kg3 Qe5+ 55. Kh3 Ke2 56. Qa8 d5 57. Qa2+ Kf1 58. Qa6+
Kf2 59. Qa2+ Qe2 60. Qxd5 Qe6+ 61. Qxe6 fxe6 0-1

[Event "Elit(Limhamn-Linkoping)"]
[Site "?"]
[Date "2005.??.??"]
[Round "2"]
[White "Dragicevic, Drazen"]
[Black "Vujadinovic, Miron"]
[Result "1-0"]
[WhiteElo "2279"]
[BlackElo "2117"]
[PlyCount "61"]
[EventDate "2005.??.??"]

1. e4 d6 2. d4 Nf6 3. Nc3 g6 4. f4 c6 5. Nf3 Bg7 6. Bd3 Bg4 7. h3 Bxf3 8. Qxf3
e6 9. e5 dxe5 10. fxe5 Nd5 11. Ne4 O-O 12. c3 Nd7 13. Bg5 Qb6 14. Qf2 f6 15.
exf6 N7xf6 16. Qd2 Nxe4 17. Bxe4 Qa6 18. h4 e5 19. dxe5 Rae8 20. Bxd5+ cxd5 21.
Qxd5+ Kh8 22. O-O-O Rxe5 23. Qb3 Rb5 24. Qc4 Qb6 25. Rd2 Rc5 26. Qb3 Qc7 27.
Kb1 b5 28. Be3 Rc4 29. h5 g5 30. h6 Bf6 31. Rf1 1-0

[Event "Elit(Limhamn-Linkoping)"]
[Site "?"]
[Date "2005.??.??"]
[Round "2"]
[White "Carlsson, Ingvar"]
[Black "Penalver, Osmani"]
[Result "0-1"]
[WhiteElo "2029"]
[BlackElo "2227"]
[PlyCount "76"]
[EventDate "2005.??.??"]

1. e4 c5 2. Nf3 d6 3. d4 cxd4 4. Nxd4 Nf6 5. Nc3 a6 6. f4 e6 7. Be3 Qc7 8. Qf3
b5 9. Bd3 Bb7 10. g4 b4 11. Nce2 d5 12. e5 Ne4 13. Ng3 Nxg3 14. hxg3 g6 15. f5
Qxe5 16. fxe6 fxe6 17. O-O Be7 18. Qf7+ Kd7 19. Bf2 Qf6 20. Qxf6 Bxf6 21. Rae1
e5 22. Nb3 e4 23. Nc5+ Kc8 24. Nxb7 Kxb7 25. Bc5 Nd7 26. Be2 Rhc8 27. Bxb4 Rxc2
28. g5 Bd4+ 29. Kh1 Ne5 30. Bd6 Rd8 31. Be7 Re8 32. Bf6 Bxb2 33. Bd1 Rd2 34.
Re2 Bc3 35. Rxd2 Bxd2 36. Bb3 Nc4 37. Rb1 Kc7 38. Kg2 e3 0-1

[Event "Elit(Limhamn-Linkoping)"]
[Site "?"]
[Date "2005.??.??"]
[Round "2"]
[White "Holst, Conny"]
[Black "Fransson, Jorgen"]
[Result "1-0"]
[WhiteElo "2249"]
[BlackElo "2070"]
[PlyCount "78"]
[EventDate "2005.??.??"]

1. d4 f5 2. c4 Nf6 3. Nf3 e6 4. g3 d5 5. Bg2 c6 6. O-O Nbd7 7. Qc2 Ne4 8. Nbd2
Bd6 9. Rb1 a5 10. b3 O-O 11. a3 Qe7 12. c5 Bc7 13. b4 e5 14. dxe5 Nxe5 15. Nxe5
Bxe5 16. Nf3 Bf6 17. Bb2 f4 18. Nd4 fxg3 19. hxg3 Bd7 20. Rbd1 axb4 21. axb4
Rf7 22. Rd3 Re8 23. Re3 Bg5 24. f4 Bf6 25. Bxe4 dxe4 26. Nf3 Bf5 27. Ne5 Bxe5
28. Bxe5 Qe6 29. Rd1 Rd7 30. Rd6 Qf7 31. g4 Bxg4 32. Qxe4 Be6 33. Rg3 g6 34.
Qd4 Ree7 35. e4 Qe8 36. Bf6 Rf7 37. f5 Rxd6 38. cxd6 Bd7 39. fxg6 hxg6 1-0

[Event "Elit(LASK-Wasa)"]
[Site "?"]
[Date "2005.??.??"]
[Round "2"]
[White "Lyrberg, Patrik"]
[Black "Niklasson, Christer"]
[Result "1/2-1/2"]
[WhiteElo "2577"]
[BlackElo "2423"]
[PlyCount "60"]
[EventDate "2005.??.??"]

1. d4 f5 2. Nf3 Nf6 3. c4 g6 4. Nc3 Bg7 5. Bf4 O-O 6. e3 d6 7. h3 Nc6 8. c5 d5
9. Ne5 Be6 10. Nxc6 bxc6 11. Qa4 Qd7 12. Qa5 Nh5 13. Bxc7 f4 14. O-O-O Rac8 15.
Be5 Bxe5 16. dxe5 fxe3 17. g4 Ng7 18. fxe3 Rf3 19. e4 d4 20. Ba6 Rb8 21. Ne2 d3
22. Rd2 Rbf8 23. Rhd1 Rxh3 24. Bxd3 Bf7 25. Nf4 Rxd3 26. Nxd3 Qxg4 27. Qxa7
Qxe4 28. b3 Nf5 29. Re1 Qd4 30. Kc2 Ne3+ 1/2-1/2